<?xml version="1.0" encoding="UTF-8"?>
<record
    xmlns:xsi="http://www.w3.org/2001/XMLSchema-instance"
    xsi:schemaLocation="http://www.loc.gov/MARC21/slim http://www.loc.gov/standards/marcxml/schema/MARC21slim.xsd"
    xmlns="http://www.loc.gov/MARC21/slim">

  <leader>02599nam a22002297a 4500</leader>
  <controlfield tag="003">0</controlfield>
  <controlfield tag="005">20241014152741.0</controlfield>
  <controlfield tag="008">241014b        xxu||||| |||| 00| 0 eng d</controlfield>
  <datafield tag="020" ind1=" " ind2=" ">
    <subfield code="a">9789811274466</subfield>
  </datafield>
  <datafield tag="050" ind1=" " ind2=" ">
    <subfield code="a">HF 5415.1255</subfield>
    <subfield code="b">.C43 2024</subfield>
  </datafield>
  <datafield tag="100" ind1=" " ind2=" ">
    <subfield code="a">Charan, Ashok,</subfield>
    <subfield code="e">author.</subfield>
  </datafield>
  <datafield tag="245" ind1=" " ind2=" ">
    <subfield code="a">The marketing analytics practitioner's guide volume 1 :</subfield>
    <subfield code="b">brand and consumer /</subfield>
    <subfield code="c">Ashok Charan.</subfield>
  </datafield>
  <datafield tag="260" ind1=" " ind2=" ">
    <subfield code="a">Singapore :</subfield>
    <subfield code="b">World Scientific Publishing Co. Pte. Ltd.,</subfield>
    <subfield code="c">2024.</subfield>
  </datafield>
  <datafield tag="300" ind1=" " ind2=" ">
    <subfield code="a">xxiii, 314 p. :</subfield>
    <subfield code="b">col. ill. ;</subfield>
    <subfield code="c">23 cm.</subfield>
  </datafield>
  <datafield tag="504" ind1=" " ind2=" ">
    <subfield code="a">Includes bibliographical references and index.</subfield>
  </datafield>
  <datafield tag="520" ind1=" " ind2=" ">
    <subfield code="a">"As the use of analytics becomes increasingly important in today's business landscape, The Marketing Analytics Practitioner's Guide (MAPG) provides a thorough understanding of marketing management concepts and their practical applications, making it a valuable resource for professionals and students alike. The four-volume compendium of MAPG provides an in-depth look at marketing management concepts and their practical applications, equipping readers with the knowledge and skills needed to effectively inform daily marketing decisions and strategy development and implementation. It seamlessly blends the art and science of marketing, reflecting the discipline's evolution in the era of data analytics. Whether you're a seasoned marketer or new to the field, the MAPG is an essential guide for mastering the use of analytics in modern marketing practices. Volume I is focused on Brand and Consumer. Part I of this volume is dedicated to understanding the concepts and methods of brand sensing and brand equity. It delves into the analytic techniques used to track and profile brand image, and explains the key components of brand equity, how to measure it, and what factors drive it. It provides readers with a comprehensive framework for measuring and understanding brand equity and the tools to pursue its growth. Part II of this volume focuses on understanding consumers through qualitative and quantitative research methods, segmentation, customer satisfaction, customer value management, consumer panels, consumer analytics and big data. The volume covers the analytic tools used to extract insights from consumer transactions, which are becoming increasingly important in today's data-driven world. It also covers the use of consumer analytics and big data specifically within consumer markets"--Provided by publisher.</subfield>
  </datafield>
  <datafield tag="650" ind1=" " ind2=" ">
    <subfield code="a">Branding (Marketing).</subfield>
  </datafield>
  <datafield tag="650" ind1=" " ind2=" ">
    <subfield code="a">Marketing research</subfield>
    <subfield code="v">Data processing.</subfield>
  </datafield>
  <datafield tag="650" ind1=" " ind2=" ">
    <subfield code="a">Customer equity.</subfield>
  </datafield>
  <datafield tag="650" ind1=" " ind2=" ">
    <subfield code="a">Quantitative research.</subfield>
  </datafield>
  <datafield tag="942" ind1=" " ind2=" ">
    <subfield code="2">lcc</subfield>
    <subfield code="c">BK</subfield>
  </datafield>
  <datafield tag="999" ind1=" " ind2=" ">
    <subfield code="c">366537</subfield>
    <subfield code="d">366537</subfield>
  </datafield>
  <datafield tag="952" ind1=" " ind2=" ">
    <subfield code="0">0</subfield>
    <subfield code="1">0</subfield>
    <subfield code="2">lcc</subfield>
    <subfield code="4">0</subfield>
    <subfield code="a">CL</subfield>
    <subfield code="b">CL</subfield>
    <subfield code="c">RES</subfield>
    <subfield code="d">2024-10-14</subfield>
    <subfield code="e">Library Fund</subfield>
    <subfield code="k">RES</subfield>
    <subfield code="l">0</subfield>
    <subfield code="o">HF 5415.1255 .C43 2024</subfield>
    <subfield code="p">C23805</subfield>
    <subfield code="r">2024-10-14 00:00:00</subfield>
    <subfield code="w">2024-10-14</subfield>
    <subfield code="y">BK</subfield>
  </datafield>
</record>
